| 000 | 01780nam a22003138i 4500 | ||
|---|---|---|---|
| 001 | 991027154296307026 | ||
| 003 | UkOxU | ||
| 005 | 20251013162638.0 | ||
| 007 | t| | ||
| 008 | 240311s2024 enk j 000|f eng|d | ||
| 020 | _a9781398530003 | ||
| 035 | _a()9781398530003 | ||
| 035 | _a(StEdALDL)1/4468945 | ||
| 040 |
_aStDuBDS _beng _cStDuBDS _erda _dUkOxU |
||
| 041 | _aeng | ||
| 050 |
_aPS3553.H3469 _bP47 2012 |
||
| 100 |
_aChbosky, Stephen _eauthor _926134 |
||
| 245 | 1 | 4 |
_aThe perks of being a wallflower _c/ Stephen Chbosky. |
| 260 |
_aLondon : _bSimon & Schuster UK, _c2024. |
||
| 300 |
_a240 pages ; _c20 cm. |
||
| 520 | _aCharlie is a shy and introspective teenage boy, a wallflower always standing on the edge of the action. We learn about him through the letters he writes to someone of an undisclosed name, age and gender, a stylistic technique which adds to the heart-wrenching earnestness of the story. More intimate than a diary, Charlie's letters are singular and unique, hilarious and devastating. Charlie encounters many of the struggles familiar to everybody from their school days, from making friends, first crushes, experimenting with drugs and sexuality, but he must also deal with his best friend's suicide and a shocking realisation about his beloved late Aunt Helen which challenges his very grip on reality. This is a funny, touching, memorable first novel which captures with resounding accuracy the voice of a boy teetering on the brink of adulthood. | ||
| 650 | 0 |
_aHigh school students _xSocial conditions _vFiction _926135 |
|
| 650 | 0 |
_aTeenagers _vFiction _926136 |
|
| 650 | 0 |
_aLetters _vFiction _926122 |
|
| 650 | 0 |
_aDiary fiction _914285 |
|
| 655 | 0 |
_aEpistolary fiction _926137 |
|
| 655 | 0 |
_aYoung adult fiction _922863 |
|
| 942 | _2lcc | ||
| 999 |
_c5039 _d5039 |
||